Представление документа в формате MARC21

Поле Инд. ПП Название Значение
Тип записи a
Библиографический уровень b
001 Контрольный номер RU/IS/BASE/103040836
005 Дата корректировки 20200608194403.3
084 a Индекс другой классификации/Индекс ББК 60.561.9; 74.484(2Рос)
100 1_ a Автор Терехов П. П.
245 a Заглавие Педагогическая компетентность специалиста социокультурной сферы
650 a Основная рубрика высшее образование
a Основная рубрика образование
a Основная рубрика профессиональное образование
a Основная рубрика социология
a Основная рубрика социология образования
653 a Ключевые слова компетентность
a Ключевые слова образовательная парадигма
a Ключевые слова педагогическая компетентность
a Ключевые слова подготовка кадров
a Ключевые слова профессиональная подготовка
a Ключевые слова Россия
a Ключевые слова система образования
a Ключевые слова социокультурная деятельность
a Ключевые слова социокультурная сфера
a Ключевые слова социокультурное образование
773 t Заглавие источника Социально-гуманитарные знания
d Дата издания источника 2003
g Прочая информация № 1. - С. 242 - 257
w Контрольный № источника RU/IS/BASE/101491030
901 t Тип документа b